Attitudes Towards Different Influencer Categories – Exploration of Generation Z
Táto výskumná štúdia identifikuje kognitívne aspekty subjektívneho vnímania rôznych kategórií vplyvných osôb pôsobiacich v online prostredí. Cieľom je podrobnejšie vysvetlenie psychosemantickej štruktúry vnímania vybraných domácich vplyvných osôb vo vzťahu k respondentom a značke, pretože práve tu s...
Saved in:
| Main Author: | |
|---|---|
| Other Authors: | , |
| Format: | Book Chapter |
| Language: | English |
| Subjects: | |
| Tags: |
No Tags, Be the first to tag this record!
|
MARC
| LEADER | 00000naa a2200000 4500 | ||
|---|---|---|---|
| 001 | 0273313 | ||
| 005 | 20210428103843.7 | ||
| 041 | 0 | |a eng | |
| 044 | |a SK | ||
| 245 | 1 | 0 | |a Attitudes Towards Different Influencer Categories – Exploration of Generation Z |c Lucia Spálová, Peter Mikuláš, Oľga Púchovská |
| 520 | |a Táto výskumná štúdia identifikuje kognitívne aspekty subjektívneho vnímania rôznych kategórií vplyvných osôb pôsobiacich v online prostredí. Cieľom je podrobnejšie vysvetlenie psychosemantickej štruktúry vnímania vybraných domácich vplyvných osôb vo vzťahu k respondentom a značke, pretože práve tu sa odhaľuje propagačný aspekt skúmanej témy. | ||
| 610 | 2 | 0 | |a generácie |
| 610 | 2 | 0 | |a influencer marketing |
| 610 | 2 | 0 | |a médiá sociálne |
| 610 | 2 | 0 | |a internet |
| 100 | 1 | |a Spálová, Lucia | |
| 700 | 1 | |a Mikuláš, Peter | |
| 700 | 1 | |a Púchovská, Oľga | |